00365nam a2200133Ia 4500008004100000082001300041100002200054245007400076250000800150260002500158300001200183500002400195650001200219230524s9999 xx 000 0 und d a540bSEM aAbhay Kumar Singh 0aSolution to I.E.Irodov's Problems in General Physics Vol-I (2nd edn.) a2ND aNEW DELHIbCBSc1998 aIII;424 aQuantity Number: 1 aPhysics